Doctor Who - The actors - Statistics

General Stats
  • This quiz has been taken 18 times
  • The average score is 15 of 25
Answer Stats
Picture Hint Answer % Correct
10th Doctor David Tennant
100%
14th Doctor David Tennant
100%
Rose Billie Piper
93%
11th Doctor Matt Smith
93%
12th Doctor Peter Capaldi
93%
13th Doctor Jodie Whittaker
86%
9th Doctor Christopher Eccleston
79%
Donna Catherine Tate
71%
The Master John Simm
64%
Amy Karen Gillan
64%
Yaz Mandip Gill
64%
River Alex Kingston
57%
Graham Bradley Walsh
57%
Clara Jenna Coleman
57%
Jack John Barrowman
57%
Dan John Bishop
57%
15th Doctor Ncuti Gatwa
57%
Ryan Tosin Cole
57%
Missy Michelle Gomez
50%
Martha Freema Agyeman
43%
Rory Arthur Darvill
36%
Ruby Millie Gibson
36%
Bill Pearl Mackie
29%
The Master Sacha Dhawan
21%
Belinda Varada Sethu
7%
No matching quizzes found
Score Distribution
Percent of People with Each Score
Percentile by Number Answered
Your Score History
You have not taken this quiz